Normal view
MARC view
- Jis,
Entry Nombre Personal
001 - NUMERO DE CONTROL
- campo de control: 33851
003 - IDENTIFICADOR DE NUMERO DE CONTROL
- campo de control: UPN
005 - FECHA Y HORA DE LA ÜLTIMA TRANSACCIÓN
- campo de control: 20210219194447.0
008 - DATOS DE LONGITUD FIJA
- campo de control de longitud fija: nabaccnnaabn|||||||||| b |nc|||||d
035 ## - NUMERO DE CONTROL
- Número de control: UPN11000005958
040 ## - FUENTE DE CATALOGACIÓN
- Lenguaje de catalogación: SPA
- Agencia de transcripción: UPN
053 #4 - NÚMERO DE CLASIFICACIÓN LC
- Número de clasificación elemento-número único o número inicial de tramo: NC1460 J5.7
100 0# - ENCABEZAMIENTO - NOMBRE PERSONAL
- Nombre personal: Jis,
- Fechas asociadas con el nombre: 1963-
400 1# - VEÁSE - NOMBRE DE PERSONA
- Personal name: Solórzano, José Ignacio,
- Dates associated with a name: 1963-
670 ## - FUENTE EN LA QUE SE LOCALIZARON DATOS
- Cita de la fuente: T
- Información localizada: Wikipedia
680 ## - NOTA PUBLICA DE ACCESO PÚBLICO
- Frase explicativa de la referencia: Caricaturista mexicano
902 ## - CATALOGADOR
- Catalogador: MCM/070813
